Food or Not? Sudden Death - Statistics

General Stats
  • This quiz has been taken 87 times
  • The average score is 12 of 29
Answers on the Grid
Answers color-coded by a green-red scale on the quiz's grid according to % correct below.
Yuzu
Falafel
Samosa
Berliner
Capocollo
Matzah
Persimmon
Fastnacht
Kofta
Bibimbap
Polenta
Pad Thai
Turkish delight
Pomelo
Date
Succotash
Hasenpfeffer
Gumbo
Satay
Grinder
Gyro
Durian
Fontina
Spanakopita
Farfalle
Mud pie
Aspic
Spotted dick
Lutefisk
Jasper
Druze
Spackle
Tardigrade
Muay Thai
Krav Maga
Astatine
Hemlock
Balalaika
Rubella
Colander
Mezzanine
Mazda
Andante
Tide pod
Patella
 
Answer Stats
Answer % Correct
A sweet, chewy fruit Date
65%
A stir-fried noodle dish Pad Thai
65%
A pita dish containing meat, tomatoes, onions, and tahini Gyro
63%
A powdered cube-shaped confection Turkish delight
63%
Fried chick pea balls Falafel
62%
A rich chocolatey dessert Mud pie
62%
A fruit known for its awful smell Durian
56%
A triangular pastry filled with meat Samosa
56%
Bowtie pasia Farfalle
54%
A Cajun stew Gumbo
54%
Yes really, look it up Spotted dick
52%
An orange-colored fruit Persimmon
48%
A large cutrus fruit Pomelo
48%
Boiled, ground cornmeal Polenta
42%
Spiced meat on a skewer Satay
41%
Rice, veggies, and meat topped with an egg and chili paste Bibimbap
39%
A doughnut-like pastry Berliner
38%
A yellow citrus fruit Yuzu
38%
A layered dish of spinach, feta, and phyllo dough Spanakopita
37%
A spiced ball of meat Kofta
31%
A dish with corn and lima beans Succotash
31%
Dried whitefish Lutefisk
30%
A Jewish flatbread made with flour and water Matzah
30%
A savory meat gelatin Aspic
24%
A marinated rabbit stew Hasenpfeffer
20%
A spicy Italian deli meat Capocollo
18%
An Italian cow’s milk cheese Fontina
18%
A doughnut-like pastry Fastnacht
7%
Another term for a sub or hoagie Grinder
7%
No matching quizzes found
Score Distribution
Percent of People with Each Score
Percentile by Number Answered
Your Score History
You have not taken this quiz